| 000 | | | 03954nmc2a22000003x 450 |
| 001 | | | ab167a83-39cc-49f3-baed-2b8f2d7872fc |
| 005 | | | 20191120012133.0 |
| 100 | ## | $a | 20180130l19171917k l0rusy0189 ca |
| 101 | 0# | $a | rus |
| | $a | ukr |
| 102 | ## | $a | RU |
| 200 | 1# | $a | Листовка Каолиционной рады киевского студенчества с призывом к солдатам продолжать борьбу до победы демократической республики (украинский язык) и "Известия Центрального представительного комитета учащихся средне-учебных заведений города Киева" |
| | $j | 11-15 марта 1917 г. |
| 251 | ## | $c | Дело |
| 300 | ## | $a | На русском и украинском языках |
| 801 | #0 | $a | RU |
| | $b | РГИА |
| | $c | 20180130 |
| | $g | RCR |
| 801 | #1 | $a | RU |
| | $b | ГлавНИВЦ |
| | $c | 20180130 |
| | $2 | rusmarc |
| 801 | #2 | $a | RU |
| | $b | ПБ им. Б.Н. Ельцина |
| | $c | 20191120 |
| | $g | RCR |
| | $2 | rusmarc |
| 850 | ## | $a | РГИА |
| 852 | ## | $a | РГИА |
| | $e | Федеральное казенное учреждение "Российский государственный исторический архив" (РГИА) |
| | $j | 790 |
| 937 | ## | $h | РГИА |
| | $d | 12227331 |
| | $a | ASBIBLIO_SCAN |
| 462 | #0 | $1 | 00146c96731-af2d-49ce-8199-721d162b0637 |
| | $1 | 2001 |
| | $a | Дела по ученым учреждениям и высшим учебным заведениям Департамента народного просвещения за 1915-1917 годы |
| | $1 | 251 |
| | $c | Опись |
| | $1 | 852 |
| | $j | 156 |
| 461 | #0 | $1 | 001a74412a3-3cc5-4d21-8f0a-dfe2fbd9e72d |
| | $1 | 2001 |
| | $a | Департамент народного просвещения Министерства народного просвещения (1803-1917) |
| | $1 | 251 |
| | $c | Фонд |
| | $1 | 852 |
| | $j | 733 |
| 215 | ## | $a | 3 л. |
| | $d | 36,5х26 см |
| 371 | ## | $a | Документ не является опубликованным и широко распространяемым |
| 105 | ## | $a | y### |
| 122 | 2# | $a | d |
| 035 | ## | $a | ab167a83-39cc-49f3-baed-2b8f2d7872fc |
| 856 | ## | $u | http://readingroom.main.prlib.ru/item.aspx?id_node=n135247860&mode=full |